Statistics for Countries that grow the most cocoa beans

Click here to take the quiz!

General Stats

  • This quiz has been taken 25 times
  • The average score is 4 of 8

Answer Stats

Answer% Correct
Brazil
92%
Nigeria
71%
Ghana
67%
Ivory Coast
67%
Indonesia
50%
Cameroon
42%
Ecuador
42%
Papua New Guinea
13%

Score Distribution

Percentile by Number Answered

Percent of People with Each Score

Your Score History

You have not taken this quiz